00221nam a2200097Ia 4500008004100000100001400041245002900055260001500084942000700099999001700106190216s9999||||xx |||||||||||||| ||und|| aHaill L A 0aGuide To Correct English bOup London cBK c15193d15193